000 00655cam a2200193 4500
001 D15575
008 090401t1984 xxu||||| |||| 00| 0 eng d
035 _a(Sirsi) u23736
041 _aeng
110 _aRoyal Institution of Chartered Surveyors
_94900
245 _aLAA Weekend briefing `84 [at] Royal Agricultural College, Cirencester, 7th - 9th September 1984
260 _aLondon
_bSurveyors` Technical Services
_c1984
300 _aProgramme and Synopsis. attendance list. biographical note
350 _a0
520 _aFiled in box RICS 1984/44 ABC
710 _aLand Agency and Agriculture Division
_9773
942 _n0
948 _c04/03/1997
999 _c88441
_d88441